عرض عادي
عرض مارك
- التطور الاجتماعي
مدخل مصطلح موضوعي
001 - رقم الضبط
- حقل الضبط: 60920
003 - معرف رقم الضبط
- حقل الضبط: OSt
005 - تاريخ ووقت أخر عملية
- حقل الضبط: 20180329163252.0
008 - عناصر بيانات ثابتة الطول
- حقل تحكم ثابت الطول: 180329|| aca||aabn | a|a d
040 ## - مصدر الفهرسة
- هيئة الفهرسة الأصلية: OSt
- وكالة الكتابة: OSt
150 ## - مدخل-- مصطلح تاريخي
- عنصر مدخل المصطلح الموضوعي او الاسم الجغرافي: التطور الاجتماعي
670 ## - بيانات المصدر موجوده
- الاستشهاد بالمصدر: Work cat.: (OSt): 60886 عبد الكافي، إسماعيل عبد الفتاح، 1954-, التنبؤ العلمي ومستقبل الإنسانية /, 2017..
